00577nam a2200193Ia 4500008004100000020000500041082001600046100001700062245003600079250000600115260004900121300000800170650001400178650001400192700002100206942001200227999001500239952012900254140316s9999 xx 000 0 und d a a920bCAS/EN aCastro,Fidel aEnte jeevithathile adya nalukal a1 aThiruvananthapurambChintha Publishersc2006 a192 abiography acommunism aAbdul rehman,C M 2ddccBK c8368d8368 00102ddc4070aKAUCLVbKAUCLVcGENERALd2014-03-18l2o920 CAS/ENp216574r2024-07-23 00:00:00s2024-07-23w2014-03-18yBK